| 000 | 00608nam a22001811 4500 | ||
|---|---|---|---|
| 003 | OSt | ||
| 005 | 20150214213002.0 | ||
| 008 | 920725s1970 es spa | ||
| 040 | _cBMC | ||
| 082 | _a808.0687284 | ||
| 100 | 1 |
_929613 _aHernández Aguirre, Mario |
|
| 245 | 1 | 0 |
_aDel infierno o del Cielo _b: (Cuentos de magia, de amor y de muerte) _cMario Hernández Aguirre |
| 250 | _a1ª ed | ||
| 260 |
_aSan Salvador _bMinisterio de Educación Dirección General de Cultura. Dirección de Publicaciones _c1970 |
||
| 300 |
_a301 p., 2 h. _c18 cm |
||
| 650 | 2 | 4 |
_929639 _aCuentos salvadoreños |
| 942 |
_2ddc _cBK |
||
| 999 |
_c16978 _d16978 |
||